Datum a čas kvízu

16.5 Celkem bodů Celkový počet nahraných bodů na tomto kvízu bez doplňovacích otázek.
11. Pořadí na kvízu Konečné umístění týmu na tomto kvízu.

Zaznamenané odpovědi

# Otázka Odpověď Body Výsledky
1. Za zmanipulování televizní hry... 1
2. Sopka Sinabung s nadmořskou vý... 1
3. České herní studio Warhorse pr... 1
4. Z britských obrazovek musela z... 1
5. Napište výsledek sobotního utk... 1
6. Jistě se mezi Vámi najde mnoho... 1
7. Vodák, který jede na lodi vzad... 1
8. Místo, kde říční voda viditeln... 1
9. Část řeky, kde voda teče velmi... 1
10. Kanoistům se mezi vrcholovými... 1